<?xml version="1.0" encoding="UTF-8"?><?xml-stylesheet type="text/xsl" href="static/style.xsl"?><OAI-PMH xmlns="http://www.openarchives.org/OAI/2.0/" xmlns:xsi="http://www.w3.org/2001/XMLSchema-instance" xsi:schemaLocation="http://www.openarchives.org/OAI/2.0/ http://www.openarchives.org/OAI/2.0/OAI-PMH.xsd"><responseDate>2026-04-13T06:53:51Z</responseDate><request verb="GetRecord" identifier="oai:www.recercat.cat:2117/349461" metadataPrefix="marc">https://recercat.cat/oai/request</request><GetRecord><record><header><identifier>oai:recercat.cat:2117/349461</identifier><datestamp>2025-07-17T16:15:56Z</datestamp><setSpec>com_2072_1033</setSpec><setSpec>col_2072_452951</setSpec></header><metadata><record xmlns="http://www.loc.gov/MARC21/slim" xmlns:dcterms="http://purl.org/dc/terms/" xmlns:xsi="http://www.w3.org/2001/XMLSchema-instance" xmlns:doc="http://www.lyncode.com/xoai" xsi:schemaLocation="http://www.loc.gov/MARC21/slim http://www.loc.gov/standards/marcxml/schema/MARC21slim.xsd">
   <leader>00925njm 22002777a 4500</leader>
   <datafield ind2=" " ind1=" " tag="042">
      <subfield code="a">dc</subfield>
   </datafield>
   <datafield ind2=" " ind1=" " tag="720">
      <subfield code="a">Rodríguez Gutiérrez, Vivian</subfield>
      <subfield code="e">author</subfield>
   </datafield>
   <datafield ind2=" " ind1=" " tag="260">
      <subfield code="c">2021-07-08</subfield>
   </datafield>
   <datafield ind2=" " ind1=" " tag="520">
      <subfield code="a">Funeral por un glaciar es un proyecto de investigación sobre la desaparición de los&#xd;
glaciares en los Pirineos. Mientras el cambio climático desafía las concepciones del&#xd;
territorio, en un mundo donde los procesos ecológicos están destinados a dominar los&#xd;
asuntos geopolíticos, la necesidad de preservación de los ecosistemas, la&#xd;
permanencia de las trazas culturales-históricas y las estrategias paisajísticas que&#xd;
durante tantos años han ido reinventando las poblaciones locales, deben quedar&#xd;
monumentalizadas en este funeral por un glaciar, en este refugio.&#xd;
Un recorrido, una marcha ceremonial, atravesando campos de nieve&#xd;
y glaciares en vía de extinción como resultado del cambio climático.</subfield>
   </datafield>
   <datafield tag="653" ind2=" " ind1=" ">
      <subfield code="a">Àrees temàtiques de la UPC::Urbanisme::Arquitectura del paisatge</subfield>
   </datafield>
   <datafield tag="653" ind2=" " ind1=" ">
      <subfield code="a">Glaciers -- Pyrenees</subfield>
   </datafield>
   <datafield tag="653" ind2=" " ind1=" ">
      <subfield code="a">Landscape architecture -- Pyrenees</subfield>
   </datafield>
   <datafield tag="653" ind2=" " ind1=" ">
      <subfield code="a">Glaceres -- Pirineus</subfield>
   </datafield>
   <datafield tag="653" ind2=" " ind1=" ">
      <subfield code="a">Arquitectura del paisatge -- Pirineus</subfield>
   </datafield>
   <datafield ind2="0" ind1="0" tag="245">
      <subfield code="a">Funeral por un glaciar</subfield>
   </datafield>
</record></metadata></record></GetRecord></OAI-PMH>